[Event "36th Olympiad w"]
[Site "Calvia ESP"]
[Date "2004.10.20"]
[Round "6"]
[White "Khegai,A"]
[Black "Pourkashiyan,A"]
[Result "0-1"]
[WhiteElo "2239"]
[BlackElo "2217"]
[EventDate "2004.10.15"]

1. d4 d5 2. c4 e6 3. Nc3 Nf6 4. Nf3 Nbd7 5. g3 dxc4 6. Bg2 Be7 7. O-O O-O
8. e4 c5 9. d5 exd5 10. e5 Ne8 11. Qxd5 Nb6 12. Qe4 Qd3 13. Rd1 Qxe4 14.
Nxe4 Bf5 15. Nd6 Nxd6 16. exd6 Bf6 17. a4 Nxa4 18. g4 Bc2 19. Rd2 Bb3 20.
g5 Bd8 21. Re2 Ba5 22. Ne5 c3 23. Bxb7 Rad8 24. Nc6 Rxd6 25. Nxa5 Bd1 26.
Nc4 Bxe2 27. Nxd6 cxb2 28. Bxb2 Nxb2 29. Bd5 Rd8 30. Rxa7 Bh5 31. Ba2 c4
32. Rb7 h6 33. gxh6 Rxd6 34. Rxb2 Rc6 35. Rb8+ Kh7 36. Bb1+ g6 37. Rb7 c3
38. Rxf7+ Kxh6 39. Bc2 Bg4 40. Ra7 Bf5 41. Ra2 Be6 42. Ra1 Bf5 43. Bxf5
gxf5 44. Kg2 c2 45. Rc1 Rc3 46. f3 Kg5 47. Kg3 Rc4 48. Kf2 Kf4 49. h4 Rc3
50. Kg2 Ke3 51. Kg3 Kd2 52. Rh1 c1=Q 53. Rxc1 Rxc1 54. Kf4 Rh1 55. Kxf5
Rxh4 56. Kg5 Rh1 57. f4 Ke3 58. f5 Ke4 59. f6 Ke5 0-1

[Event "36th Olympiad w"]
[Site "Calvia ESP"]
[Date "2004.10.20"]
[Round "6"]
[White "Titova Boric,E"]
[Black "Caoili,A"]
[Result "1-0"]
[WhiteElo "2252"]
[BlackElo "2250"]
[EventDate "2004.10.15"]

1. e4 c5 2. Nf3 Nc6 3. Bb5 g6 4. Qe2 Bg7 5. e5 Qc7 6. Bxc6 Qxc6 7. Nc3 d6
8. exd6 Qxd6 9. O-O Nf6 10. Re1 e6 11. Qb5+ Nd7 12. Ne4 Qe7 13. d3 O-O 14.
a4 h6 15. a5 Rb8 16. Be3 b6 17. a6 e5 18. Nc3 f5 19. Qc6 g5 20. Nd5 Qd8 21.
Qd6 Kh7 22. Bxg5 hxg5 23. Ne7 Rf6 24. Nxg5+ Kh8 25. Ng6+ Rxg6 26. Qxg6 Nf8
27. Nf7+ Kg8 28. Qxg7+ Kxg7 29. Nxd8 Bd7 30. Nb7 Kf6 31. f3 Ne6 32. Nd6 Nd4
33. Rac1 b5 34. Nb7 Rc8 35. Na5 Be6 36. c3 Nc6 37. Nb7 Nb8 38. Nd6 Rc6 39.
Nxb5 Rxa6 40. Nc7 Rd6 41. Ne8+ 1-0

[Event "36th Olympiad w"]
[Site "Calvia ESP"]
[Date "2004.10.20"]
[Round "6"]
[White "Sorokina,A"]
[Black "Dengler,D"]
[Result "1-0"]
[WhiteElo "2199"]
[BlackElo "2123"]
[EventDate "2004.10.15"]

1. e4 e6 2. d4 d5 3. Nc3 Nc6 4. e5 Qd7 5. a3 b6 6. f4 Bb7 7. Be3 Nge7 8.
Bf2 O-O-O 9. Nf3 f5 10. g3 h6 11. b4 Rg8 12. h4 Ng6 13. Ne2 Nh8 14. Nc1 Nf7
15. Be3 Be7 16. Qd2 Rdf8 17. Nb3 Qd8 18. Bf2 g5 19. h5 Rg7 20. Rh2 Rfg8 21.
c4 gxf4 22. gxf4 Qf8 23. c5 Nb8 24. b5 Rg4 25. c6 Nxc6 26. bxc6 Bxc6 27.
Qc1 Ba4 28. Qe3 Ng5 29. Nbd2 Ne4 30. Nxe4 fxe4 31. Nh4 Rxf4 32. Ng6 Rxg6
33. hxg6 Rf3 34. Qxh6 Bb4+ 35. axb4 Qxb4+ 36. Qd2 Qb3 37. g7 e3 38. g8=Q+
Kb7 39. Bxe3 Rxe3+ 40. Be2 Rg3 41. Rg2 1-0

[Event "36th Olympiad w"]
[Site "Calvia ESP"]
[Date "2004.10.20"]
[Round "6"]
[White "Dedijer,S"]
[Black "Eriksson,I"]
[Result "0-1"]
[WhiteElo "2064"]
[BlackElo "2098"]
[EventDate "2004.10.15"]

1. d4 d6 2. c4 e5 3. Nf3 e4 4. Ng5 f5 5. h4 Be7 6. Nc3 c6 7. d5 Nf6 8. Bf4
Nh5 9. e3 g6 10. g4 Nxf4 11. exf4 h6 12. Ne6 Bxe6 13. dxe6 Qb6 14. Qe2 Na6
15. gxf5 gxf5 16. Qh5+ Kd8 17. O-O-O Rf8 18. Qxh6 Qxf2 19. Rd2 Qf3 20. Bg2
Qe3 21. Rhd1 Kc7 22. Qh7 Rae8 23. Kb1 Qxf4 24. b4 Nxb4 25. c5 Nd3 26. Bxe4
Nxc5 27. Rxd6 fxe4 28. Rd7+ Nxd7 29. exd7 Rd8 30. Qxe7 Rf7 31. Qc5 Kb8 32.
Re1 Rfxd7 33. Rxe4 Rd1+ 34. Kb2 Qd2+ 35. Kb3 Rc1 36. Ra4 Qc2+ 37. Ka3 Qxc3+
0-1

[Event "36th Olympiad w"]
[Site "Calvia ESP"]
[Date "2004.10.20"]
[Round "6"]
[White "Piarnpuu,L"]
[Black "Palao,M"]
[Result "1/2-1/2"]
[WhiteElo "2227"]
[BlackElo "2128"]
[EventDate "2004.10.15"]

1. Nf3 Nf6 2. c4 c6 3. d4 d5 4. Nc3 Bf5 5. e3 e6 6. Bd3 Bxd3 7. Qxd3 Nbd7
8. O-O Bd6 9. e4 dxe4 10. Nxe4 Nxe4 11. Qxe4 Nf6 12. Qe2 O-O 13. Bg5
1/2-1/2

[Event "36th Olympiad w"]
[Site "Calvia ESP"]
[Date "2004.10.20"]
[Round "6"]
[White "Chirivi,Y"]
[Black "Brokko Olde,M"]
[Result "1/2-1/2"]
[WhiteElo "2070"]
[BlackElo "2114"]
[EventDate "2004.10.15"]

1. d4 Nf6 2. c4 c5 3. d5 e6 4. Nc3 exd5 5. cxd5 d6 6. g3 g6 7. Bg2 Bg7 8.
Nf3 O-O 9. O-O Re8 10. Nd2 Nbd7 11. Nc4 Nb6 12. Qb3 Nxc4 13. Qxc4 Rb8 14.
a4 a6 15. Ra2 b5 16. axb5 axb5 17. Qd3 Qc7 18. Ne4 c4 19. Qc2 Ng4 20. Nc3
Bd7 21. Bf4 h5 22. h3 Ne5 23. Rfa1 Rb7 24. Ra6 Reb8 25. Be3 f5 26. R1a3 Be8
27. Qd2 Nd7 28. Rc6 Qd8 29. Bf4 1/2-1/2

[Event "36th Olympiad w"]
[Site "Calvia ESP"]
[Date "2004.10.20"]
[Round "6"]
[White "Sanchez Castillo,S"]
[Black "Siti,Z"]
[Result "1/2-1/2"]
[WhiteElo "2141"]
[BlackElo "2162"]
[EventDate "2004.10.15"]

1. e4 c5 2. Nf3 g6 3. d4 cxd4 4. Nxd4 Bg7 5. Nc3 Nc6 6. Be3 Nf6 7. Bc4 O-O
8. Bb3 a5 9. a4 Ng4 10. Qxg4 Nxd4 11. Bxd4 Bxd4 12. Qg3 e6 13. O-O-O Qf6
14. f4 Bxc3 15. bxc3 b5 16. axb5 Rb8 17. Ba4 Qe7 18. Rd4 Bb7 19. h4 d5 20.
e5 Rfc8 21. h5 Rc4 22. Bb3 Rxd4 23. cxd4 Qa3+ 24. Kd2 Qb4+ 25. Qc3 Qxc3+
26. Kxc3 gxh5 27. Ra1 Ra8 28. Kd2 Kf8 1/2-1/2

[Event "36th Olympiad w"]
[Site "Calvia ESP"]
[Date "2004.10.20"]
[Round "6"]
[White "Nur Shazwani,Z"]
[Black "Martinez Aleidi,J"]
[Result "1-0"]
[WhiteElo "2062"]
[BlackElo "2201"]
[EventDate "2004.10.15"]

1. e4 c5 2. Nf3 Nc6 3. d4 cxd4 4. Nxd4 Nf6 5. Nc3 e5 6. Ndb5 d6 7. Bg5 a6
8. Na3 b5 9. Nd5 Be7 10. Bxf6 Bxf6 11. c4 b4 12. Nc2 Bb7 13. Bd3 a5 14. O-O
O-O 15. Nce3 Nd4 16. b3 Bg5 17. Kh1 g6 18. f4 exf4 19. Nxf4 Bf6 20. Nfd5
Bg7 21. Rb1 Bc8 22. Qe1 Nc6 23. Rd1 Ne5 24. Bb1 Ra6 25. Qg3 h5 26. Qf4 Ng4
27. Nxg4 Bxg4 28. Rd2 Be5 29. Qh6 Bg7 30. Qe3 Be5 31. Rdf2 Kg7 32. Bd3 Ra8
33. Be2 Bxe2 34. Rxe2 f6 35. Rd1 Rf7 36. Red2 Qb8 37. Nf4 Qc8 38. h3 h4 39.
Rd5 a4 40. Nd3 axb3 41. axb3 Ra2 42. Nxb4 Rb2 43. R5d3 Rb7 44. Nd5 Qb8 45.
b4 Ra7 46. R3d2 Rxd2 47. Qxd2 Qa8 48. b5 Ra2 49. Qe1 Bg3 50. Qb4 Ra1 51.
Rb1 Be5 52. Qe1 Bg3 53. Rxa1 Qc8 54. Qf1 Be5 55. Ra7+ Kh6 56. Nxf6 Kg5 57.
Nh7+ Kh6 58. Qf8+ 1-0

[Event "36th Olympiad w"]
[Site "Calvia ESP"]
[Date "2004.10.20"]
[Round "6"]
[White "Sanchez,Ali"]
[Black "Roslina,M"]
[Result "1/2-1/2"]
[WhiteElo "2095"]
[BlackElo "2028"]
[EventDate "2004.10.15"]

1. d4 d5 2. Nf3 Nf6 3. e3 e6 4. c4 Be7 5. Nc3 O-O 6. Bd3 dxc4 7. Bxc4 c6 8.
O-O Nbd7 9. a3 Qc7 10. Qc2 h6 11. Rd1 Re8 12. b3 Nb6 13. Be2 Bd6 14. Bb2
Qe7 15. Ne4 Nxe4 16. Qxe4 f5 17. Qc2 Nd5 18. Ne5 Bxe5 19. dxe5 Bd7 20. Bf3
Rac8 21. Rd2 Red8 22. Rad1 Be8 23. e4 fxe4 24. Bxe4 Bh5 25. f3 Qg5 26. Rd3
Rf8 27. Qd2 Qxd2 28. R1xd2 g5 29. g3 Kg7 30. Kg2 Bg6 31. Bxg6 Kxg6 1/2-1/2

[Event "36th Olympiad w"]
[Site "Calvia ESP"]
[Date "2004.10.20"]
[Round "6"]
[White "Yildiz,B"]
[Black "Lomibao,S"]
[Result "0-1"]
[WhiteElo "2131"]
[BlackElo "2089"]
[EventDate "2004.10.15"]

1. d4 Nf6 2. Nf3 d5 3. e3 c5 4. b3 Nc6 5. Bb2 Bf5 6. Bd3 Bg6 7. Bxg6 hxg6
8. Nbd2 e6 9. Qe2 cxd4 10. exd4 Bd6 11. c4 O-O 12. O-O Rc8 13. Rac1 Qe7 14.
c5 Bf4 15. a3 Ne4 16. Nxe4 dxe4 17. Qxe4 Bxc1 18. Bxc1 Qf6 19. g4 Rfd8 20.
Bg5 Rxd4 21. Qxd4 Qxd4 22. Nxd4 Nxd4 23. Be3 Nxb3 24. Rb1 Nxc5 25. Bxc5
Rxc5 26. Rxb7 Ra5 27. Rb3 Kf8 28. Kg2 g5 29. Kg3 Ke7 30. h4 gxh4+ 31. Kxh4
g5+ 32. Kg3 Ra4 33. f3 f5 34. gxf5 exf5 35. Rb5 Kf6 36. Rb3 Ra5 37. f4 g4
38. Re3 Ra6 39. Rd3 Re6 40. a4 Re4 41. a5 Ke7 42. Rb3 Kd6 43. Rb5 Re3+ 44.
Kg2 Ke6 45. Rb7 Rf3 46. Rxa7 Rxf4 47. Rb7 Ra4 48. Rb5 Ra3 49. Rc5 Kf6 50.
Rc6+ Kg5 51. a6 f4 52. Rc8 Ra2+ 53. Kg1 Rxa6 54. Rc2 f3 55. Rc8 Kf4 56.
Rc4+ Kg3 57. Rf4 Ra1+ 0-1

[Event "36th Olympiad w"]
[Site "Calvia ESP"]
[Date "2004.10.20"]
[Round "6"]
[White "Mendoza,B"]
[Black "Cinar Corlulu,N"]
[Result "1-0"]
[WhiteElo "2131"]
[BlackElo "2053"]
[EventDate "2004.10.15"]

1. d4 Nf6 2. c4 c5 3. d5 b5 4. cxb5 a6 5. bxa6 g6 6. Nc3 Bxa6 7. Nf3 Bg7 8.
Nd2 O-O 9. e4 Bxf1 10. Nxf1 d6 11. Ne3 Nbd7 12. O-O Qa5 13. Qe2 Rfb8 14.
Rb1 Ne8 15. Bd2 Nc7 16. Qg4 Nf6 17. Qh4 Nb5 18. a3 Nd4 19. f4 Ne2+ 20. Kh1
Nxc3 21. Bxc3 Qa4 22. f5 Qd7 23. Nc4 Qa4 24. Nd2 Qb5 25. fxg6 hxg6 26. Nf3
Ra4 27. Ng5 Rc4 28. Rxf6 Rxc3 29. Rxf7 1-0

[Event "36th Olympiad w"]
[Site "Calvia ESP"]
[Date "2004.10.20"]
[Round "6"]
[White "Fierro Baquero,M"]
[Black "Zapata,K"]
[Result "1/2-1/2"]
[WhiteElo "2333"]
[BlackElo "2162"]
[EventDate "2004.10.15"]

1. e4 c5 2. Nf3 Nc6 3. Bb5 d6 4. O-O Bd7 5. Re1 e6 6. c3 a6 7. Bf1 Nf6 8.
d4 cxd4 9. cxd4 d5 10. exd5 Nxd5 11. Nc3 Qa5 12. Bd2 Be7 13. Qb3 Qb4 14.
Nxd5 Qxb3 15. Nc7+ Kd8 16. axb3 Kxc7 17. Rac1 Bd6 18. Ng5 Be8 19. Ne4 Rd8
20. Ba5+ b6 21. Bc3 Kb7 22. Nxd6+ Rxd6 23. Red1 f6 24. g3 Bh5 25. Rd3 Rhd8
26. Bg2 Kb8 27. Bxc6 Rxc6 28. Re3 Kb7 29. Rce1 Bf7 30. Re4 a5 31. b4 a4 32.
R4e3 Ka6 33. g4 Rdc8 34. Kg2 Kb5 35. Ra1 Rd6 36. Kg3 Bg6 37. h4 Bc2 38. h5
Bb3 39. h6 g6 40. g5 f5 41. Kf4 Kc6 42. Ke5 Rf8 43. Kf4 b5 44. Re5 Bd5 45.
Bd2 Kd7 46. Rc1 Rc6 47. Rc5 Rb8 48. Re3 Bc4 49. Bc3 Kd6 50. d5 Rxc5 51.
bxc5+ Kxd5 52. Be1 Rc8 1/2-1/2

[Event "36th Olympiad w"]
[Site "Calvia ESP"]
[Date "2004.10.20"]
[Round "6"]
[White "Aliaga Fernandez,I"]
[Black "Vasquez Ramirez,R"]
[Result "0-1"]
[WhiteElo "2141"]
[BlackElo "2257"]
[EventDate "2004.10.15"]

1. e4 c5 2. c3 d5 3. exd5 Qxd5 4. d4 Nf6 5. Nf3 e6 6. Be3 cxd4 7. cxd4 Nc6
8. Nc3 Qd6 9. Bd3 Be7 10. O-O b6 11. Qe2 O-O 12. Rad1 Nb4 13. Bb1 Ba6 14.
Nb5 Qd5 15. a4 Qb3 16. Qd2 Qxa4 17. Nc3 Qa5 18. Rfe1 Rac8 19. Bg5 Nbd5 20.
Re5 Qb4 21. Bxf6 Nxf6 22. h3 Rfd8 23. Qe3 Qxb2 24. Na4 Qb4 0-1

[Event "36th Olympiad w"]
[Site "Calvia ESP"]
[Date "2004.10.20"]
[Round "6"]
[White "Pintor,A"]
[Black "Mouradian,S"]
[Result "1/2-1/2"]
[WhiteElo "2058"]
[BlackElo "2007"]
[EventDate "2004.10.15"]

1. d4 Nf6 2. Nf3 g6 3. c4 d6 4. g3 Bg7 5. Bg2 O-O 6. Nc3 Nh5 7. e4 f5 8.
exf5 Bxf5 9. Ng5 Bc8 10. O-O c6 11. Re1 Na6 12. Be3 h6 13. Nf3 Nf6 14. h3
Nc7 15. Rc1 Be6 16. Qd2 a6 17. Red1 Qd7 18. Na4 Rab8 19. Nb6 Qd8 20. Ne1
Bf7 21. b4 Na8 22. Nxa8 Rxa8 23. Nd3 Kh8 24. Qc2 Qe8 25. f4 Rc8 26. Bf2 Nd7
27. Re1 Bg8 28. Qd2 Bf6 29. Nb2 Qf7 30. Bf3 Rfe8 31. Bg4 Rcd8 32. Nd3 h5
33. Be6 Qg7 34. d5 Nf8 35. f5 Nxe6 36. fxe6 Rc8 37. Be3 Bd4 38. Rf1 Bxe3+
39. Qxe3 Kh7 40. Rf4 Rf8 41. Rh4 Rf5 42. g4 Rf6 43. Kh1 cxd5 44. cxd5 Rxc1+
45. Qxc1 Rf3 46. Qd1 Qf6 47. g5 Rf1+ 48. Kg2 Qxg5+ 49. Kxf1 Qxh4 50. Qf3
Qd4 51. Kg2 Qc4 52. a3 Qa2+ 53. Nf2 Qd2 54. Kh2 Qg5 55. Ne4 Qe5+ 56. Kg2
Kg7 57. Nf2 Qf6 58. Qe3 Qf5 59. Qd2 Bh7 60. Qd4+ Qf6 61. Qd1 Qc3 62. a4
Qxb4 63. Qf3 Bg8 64. Ne4 Qb2+ 65. Nf2 Qe5 66. Qb3 Qg5+ 67. Kh2 Qe5+ 68. Kg2
Qg5+ 69. Kh2 Qd2 70. Kg2 Qg5+ 1/2-1/2

[Event "36th Olympiad w"]
[Site "Calvia ESP"]
[Date "2004.10.20"]
[Round "6"]
[White "Lindiawati,E"]
[Black "Pretorius,M"]
[Result "1-0"]
[WhiteElo "2125"]
[BlackElo "1965"]
[EventDate "2004.10.15"]

1. e4 c5 2. Nf3 Nc6 3. d4 cxd4 4. Nxd4 Nf6 5. Nc3 e5 6. Ndb5 d6 7. Bg5 a6
8. Bxf6 gxf6 9. Na3 b5 10. Nd5 Bg7 11. c3 f5 12. exf5 Bxf5 13. Qf3 Bd7 14.
Bd3 O-O 15. Bf5 Be6 16. h4 b4 17. Nxb4 Nxb4 18. cxb4 Bxf5 19. Qxf5 e4 20.
O-O-O Qc7+ 21. Kb1 Rfe8 22. Qd5 Qb6 23. Rd2 Rad8 24. Nc2 Re5 25. Qd4 Qb7
26. Qe3 a5 27. a3 axb4 28. Nxb4 Rb5 29. Rhd1 d5 30. f3 exf3 31. Qxf3 Rxb4
32. axb4 Qxb4 33. Qa3 Qe4+ 34. Rc2 Qxh4 35. Qa5 d4 36. Qf5 Qe7 37. Rc8 Qe8
38. Rxd8 Qxd8 39. Rc1 Qd6 40. Rc8+ Bf8 41. Qg5+ Kh8 42. Rd8 Qb4 43. Qe5+
Kg8 44. Rxd4 Bg7 45. Qxg7+ Kxg7 46. Rxb4 1-0

[Event "36th Olympiad w"]
[Site "Calvia ESP"]
[Date "2004.10.20"]
[Round "6"]
[White "Cast,A"]
[Black "Hernandez,Ya"]
[Result "0-1"]
[WhiteElo "2082"]
[BlackElo "2248"]
[EventDate "2004.10.15"]

1. d4 Nf6 2. Nf3 g6 3. c4 Bg7 4. Nc3 O-O 5. Bg5 d6 6. e3 Nbd7 7. Be2 h6 8.
Bh4 Re8 9. O-O e5 10. Re1 c6 11. Qc2 Qa5 12. Bf1 Nh5 13. Bg3 Nxg3 14. hxg3
Nf6 15. a3 e4 16. b4 Qf5 17. Nh2 d5 18. cxd5 Nxd5 19. g4 Qe6 20. b5 Bd7 21.
bxc6 Bxc6 22. Nb5 a6 23. Nc3 Rac8 24. Na4 Bxa4 25. Qxa4 Nc3 26. Qb4 Rc7 27.
Qb2 Rec8 28. Be2 Bf8 29. a4 Bd6 30. g3 a5 31. Bd1 Bb4 32. Bb3 Qf6 33. Rf1
Qd6 34. Kg2 b5 35. axb5 Nxb5 36. Qe2 Nc3 37. Qc2 Kg7 38. f3 Re7 39. Qf2 Nd5
40. fxe4 Rxe4 41. Bxd5 Qxd5 42. Qf3 Qe6 43. Rf2 Rxe3 44. Qf4 Rcc3 45. Nf1
Bd6 0-1

[Event "36th Olympiad w"]
[Site "Calvia ESP"]
[Date "2004.10.20"]
[Round "6"]
[White "Kudrina,A"]
[Black "Pacheco,H"]
[Result "1-0"]
[WhiteElo "2047"]
[BlackElo "1984"]
[EventDate "2004.10.15"]

1. e4 d5 2. exd5 Qxd5 3. d4 e5 4. Nf3 Bg4 5. Be2 Bxf3 6. Bxf3 e4 7. Be2 Nc6
8. Be3 O-O-O 9. c4 Qd7 10. d5 Ne5 11. Qd4 Nd3+ 12. Bxd3 exd3 13. Qxa7 Qg4
14. Qa8+ Kd7 15. Qa4+ Kc8 16. O-O Nf6 17. Qb3 Qh5 18. Qxd3 Qh4 19. h3 Qh5
20. Nd2 Be7 21. Ne4 Rhe8 22. Nxf6 Bxf6 23. Rab1 g5 24. Qf5+ 1-0

[Event "36th Olympiad w"]
[Site "Calvia ESP"]
[Date "2004.10.20"]
[Round "6"]
[White "Tilenbaeva,J"]
[Black "Ribeiro,Re"]
[Result "1/2-1/2"]
[WhiteElo "2080"]
[BlackElo "2076"]
[EventDate "2004.10.15"]

1. e4 c5 2. Nf3 e6 3. d3 Nc6 4. Be2 d5 5. O-O Nf6 6. Nbd2 Be7 7. b3 O-O 8.
Bb2 Qc7 9. Re1 b6 10. Bf1 Bb7 11. Ng5 Qf4 12. Nh3 Qh6 13. exd5 Nxd5 14. Ne4
e5 15. Ng3 g6 16. Rc1 f6 17. c3 Rad8 18. Rc2 Bc8 19. d4 Bxh3 20. gxh3 Nf4
21. Qf3 Rc8 22. Ne2 Nxe2+ 23. Rcxe2 Rfd8 24. d5 Nb8 25. c4 Rd6 26. Qg3 Nd7
27. h4 Rf8 28. Qh3 f5 29. Bxe5 Bxh4 30. Qc3 Nxe5 31. Qxe5 Rdd8 32. Bg2 Bg5
33. Qc3 Bf6 34. Qg3 Qg7 35. Kh1 Qd7 36. Re6 Rfe8 37. Qh3 Re7 38. Qh6
1/2-1/2

[Event "36th Olympiad w"]
[Site "Calvia ESP"]
[Date "2004.10.20"]
[Round "6"]
[White "Koskoska,G"]
[Black "Borda,C"]
[Result "1-0"]
[WhiteElo "2242"]
[BlackElo "2088"]
[EventDate "2004.10.15"]

1. e4 c6 2. d4 d5 3. exd5 cxd5 4. c4 Nf6 5. Nc3 e6 6. Nf3 Be7 7. cxd5 Nxd5
8. Bd3 Nc6 9. O-O O-O 10. Re1 b6 11. Nxd5 exd5 12. Bxh7+ Kxh7 13. Qc2+ g6
14. Qxc6 Bf5 15. Bf4 Be4 16. Nd2 Bf5 17. Bc7 Qe8 18. Qxd5 Be6 19. Qe5 Bb4
20. Ne4 Be7 21. Nf6+ Bxf6 22. Qxf6 Rh8 23. Be5 Qf8 24. Re4 1-0

[Event "36th Olympiad w"]
[Site "Calvia ESP"]
[Date "2004.10.20"]
[Round "6"]
[White "Hamid,R"]
[Black "Jose Polanco,Ken"]
[Result "0-1"]
[WhiteElo "2164"]
[BlackElo "2003"]
[EventDate "2004.10.15"]

1. e4 e6 2. d4 d5 3. Nc3 Nf6 4. Bg5 Bb4 5. e5 h6 6. Bd2 Nfd7 7. f4 a6 8.
Nf3 c5 9. dxc5 Bxc5 10. Bd3 Nc6 11. Qe2 Qc7 12. Kf1 O-O 13. g3 b5 14. Kg2
f6 15. exf6 Nxf6 16. Rhf1 Nd4 17. Nxd4 Bxd4 18. Nd1 Qd7 19. Bb4 Re8 20. Bg6
Rd8 21. Ba5 Rf8 22. Bb4 Rd8 23. Qd3 e5 24. f5 a5 25. Bd2 b4 26. Re1 Ba6 27.
Qf3 Bb7 28. Kh3 Ne4 29. Bc1 Rac8 30. Re2 Ba6 31. Rg2 Rc6 32. g4 Rdc8 33. f6
Rxf6 34. Bf5 Qc6 35. c3 bxc3 36. bxc3 Bxc3 37. Rb1 Bb4 38. Be3 h5 39. Nf2
Nxf2+ 40. Rxf2 d4 41. Bd7 0-1

[Event "36th Olympiad w"]
[Site "Calvia ESP"]
[Date "2004.10.20"]
[Round "6"]
[White "De la Cruz,M"]
[Black "Sultana,Z2"]
[Result "1-0"]
[WhiteElo "2086"]
[BlackElo "2056"]
[EventDate "2004.10.15"]

1. d4 d5 2. c4 e6 3. g3 Nf6 4. Bg2 c6 5. Qc2 Be7 6. Nf3 Nbd7 7. O-O O-O 8.
Nc3 Re8 9. e4 dxe4 10. Nxe4 Nxe4 11. Qxe4 Nf6 12. Qe2 h6 13. b3 Bd6 14. Bb2
Qc7 15. Rfe1 a5 16. a4 Bd7 17. Bc3 Rad8 18. c5 Be7 19. Qd2 Ra8 20. Ne5 Red8
21. Nc4 Be8 22. Bxa5 Rxa5 23. Qxa5 Qxa5 24. Nxa5 Rxd4 25. Nxb7 Rb4 26. Nd6
Rxb3 27. Nxe8 Nxe8 28. Bxc6 Nc7 29. Rab1 Rxb1 30. Rxb1 Bxc5 31. Rb8+ Kh7
32. Rb7 Bd6 33. a5 f5 34. Bb5 Kg6 35. a6 1-0

[Event "36th Olympiad w"]
[Site "Calvia ESP"]
[Date "2004.10.20"]
[Round "6"]
[White "Mongeau,D"]
[Black "Mohammed,J"]
[Result "0-1"]
[WhiteElo "2079"]
[BlackElo "1990"]
[EventDate "2004.10.15"]

1. d4 d5 2. Nf3 Nf6 3. c3 e6 4. Bg5 Nbd7 5. Nbd2 h6 6. Bh4 Be7 7. e3 c5 8.
Bd3 b6 9. Qe2 O-O 10. Ne5 Nxe5 11. dxe5 Nd7 12. Bg3 Bb7 13. e4 Re8 14. O-O
Bh4 15. f4 Bxg3 16. hxg3 Nf8 17. Rad1 Qc7 18. g4 Rad8 19. Rf3 Ng6 20. Kf2
c4 21. Bc2 Qc5+ 22. Kg3 dxe4 23. Bxe4 Qe7 24. Kh2 Bxe4 25. Nxe4 Qh4+ 26.
Kg1 Rxd1+ 27. Qxd1 Rd8 28. Nd6 Qxg4 29. Qd4 Nh4 30. Rf2 Nf5 31. Qd2 Ng3 32.
Qe1 Nf5 33. Qd2 Qh5 34. Rf3 Nxd6 35. exd6 Qd5 36. Qe2 Rxd6 37. Rf1 b5 38.
Re1 Qc5+ 39. Kh2 Rd5 40. g4 Qd6 41. Qe4 Rd2+ 42. Kg1 Qc5+ 43. Kh1 Qf2 0-1

[Event "36th Olympiad w"]
[Site "Calvia ESP"]
[Date "2004.10.20"]
[Round "6"]
[White "Mudongo,B"]
[Black "Elfelo,K"]
[Result "0-1"]
[WhiteElo "1978"]
[BlackElo "1884"]
[EventDate "2004.10.15"]

1. e4 c5 2. Nf3 d6 3. d4 cxd4 4. Nxd4 Nf6 5. Nc3 a6 6. Be2 e5 7. Nb3 Be7 8.
O-O O-O 9. Be3 Be6 10. f4 exf4 11. Bxf4 Nc6 12. Kh1 Ne5 13. Nd2 Qb6 14. Rb1
Rac8 15. Qe1 Nc4 16. Nd5 Bxd5 17. exd5 Nxd2 18. Qxd2 Qc5 19. c4 Ne4 20. Qe3
Qxe3 21. Bxe3 Rfe8 22. Bd3 Bf6 23. Rf3 Bg5 24. Bxe4 Bxe3 25. Rxe3 Re5 26.
Bxh7+ Kxh7 27. Rxe5 dxe5 28. b3 e4 29. Kg1 b5 30. Rc1 Kg8 31. c5 Kf8 32. d6
Rc6 33. Kf2 f5 34. b4 f4 35. Rd1 Ke8 36. Rd5 Kd7 37. Rg5 a5 38. Rxg7+ Kd8
39. a3 axb4 40. axb4 Ra6 41. Ke1 Ra1+ 42. Kd2 e3+ 43. Kd3 Rd1+ 44. Kc3 e2
45. Re7 e1=Q+ 46. Rxe1 Rxe1 47. Kd4 Re2 48. h4 Rxg2 49. Ke4 Rh2 50. Kxf4
Rxh4+ 51. Ke3 Rxb4 52. Kd3 0-1

[Event "36th Olympiad w"]
[Site "Calvia ESP"]
[Date "2004.10.20"]
[Round "6"]
[White "Connolly,S"]
[Black "Nakagawa,E"]
[Result "1/2-1/2"]
[WhiteElo "2076"]
[BlackElo "1949"]
[EventDate "2004.10.15"]

1. e4 c6 2. d4 d5 3. Nd2 dxe4 4. Nxe4 Nd7 5. Ng5 Ngf6 6. Bd3 e6 7. N1f3 Bd6
8. Qe2 h6 9. Ne4 Nxe4 10. Qxe4 Nf6 11. Qe2 Qc7 12. Bd2 Bd7 13. O-O-O O-O-O
14. c4 Kb8 15. Kb1 Rhe8 16. Ne5 Bc8 17. Bc3 Ng8 18. h3 Bxe5 19. dxe5 Re7
20. Bc2 Red7 21. Rxd7 Rxd7 22. Rd1 Qd8 23. Rxd7 Qxd7 24. Bb4 b6 25. Bd6+
Ka8 26. Qg4 g6 27. f4 Qd8 28. Qf3 Bb7 29. Be4 Qd7 30. Qf2 c5 31. Qf3 h5 32.
Bxb7+ Qxb7 33. Qxb7+ Kxb7 34. Bf8 1/2-1/2

[Event "36th Olympiad w"]
[Site "Calvia ESP"]
[Date "2004.10.20"]
[Round "6"]
[White "Maeckelberg,M"]
[Black "Cima,R"]
[Result "1/2-1/2"]
[WhiteElo "2020"]
[BlackElo "2130"]
[EventDate "2004.10.15"]

1. e4 e5 2. Nf3 Nc6 3. Bc4 Be7 4. d4 d6 5. h3 Nf6 6. Nc3 h6 7. Be3 a6 8. a4
O-O 9. O-O Kh8 10. Qe2 Bd7 11. Rad1 Qe8 12. b3 exd4 13. Nxd4 Ne5 14. Nd5
Rd8 15. Nxf6 Bxf6 16. Nf5 Bxf5 17. exf5 Nxc4 18. Qxc4 Qd7 19. g4 Rfe8 20.
Qd5 b6 21. Qd2 Kh7 22. Rfe1 1/2-1/2

[Event "36th Olympiad w"]
[Site "Calvia ESP"]
[Date "2004.10.22"]
[Round "7"]
[White "Sebag,M"]
[Black "Xu Yuhua"]
[Result "0-1"]
[WhiteElo "2428"]
[BlackElo "2487"]
[EventDate "2004.10.15"]

1. e4 c5 2. Nf3 d6 3. d4 Nf6 4. Nc3 cxd4 5. Nxd4 a6 6. Be3 e5 7. Nb3 Be6 8.
f3 Be7 9. Qd2 O-O 10. O-O-O Nbd7 11. g4 Qc7 12. Kb1 Rfc8 13. g5 Nh5 14. Nd5
Bxd5 15. exd5 Nb6 16. Na5 Nf4 17. Bxf4 exf4 18. Bh3 Re8 19. Qxf4 Bf8 20.
Qb4 g6 21. Rd2 Re3 22. Bg4 Rae8 23. a3 R8e5 24. Qf4 h5 25. gxh6 Kh7 26. Be6
Bxh6 27. Qxf7+ Qxf7 28. Bxf7 Rxf3 29. Bxg6+ Kxg6 30. Rg2+ Kf5 31. Nxb7 Rxd5
32. b3 Nd7 33. h4 Ne5 34. Rhg1 Ke6 35. Rg8 Kd7 36. Ra8 Be3 37. Rg7+ Nf7 38.
Nd8 Rd1+ 39. Ka2 Bd4 40. Ra7+ Bxa7 41. Nxf7 Bd4 0-1

[Event "36th Olympiad w"]
[Site "Calvia ESP"]
[Date "2004.10.22"]
[Round "7"]
[White "Velcheva,M"]
[Black "Kosintseva,N"]
[Result "1/2-1/2"]
[WhiteElo "2299"]
[BlackElo "2446"]
[EventDate "2004.10.15"]

1. e4 c5 2. Nf3 Nc6 3. d4 cxd4 4. Nxd4 Nf6 5. Nc3 d6 6. Bg5 e6 7. Qd2 Qb6
8. O-O-O Be7 9. Nb3 O-O 10. f3 Rd8 11. g4 d5 12. exd5 Nxd5 13. Bxe7 Ndxe7
14. Bd3 e5 15. Qg5 Be6 16. Ne4 Ng6 17. Nec5 h6 18. Qd2 Bxb3 19. Nxb3 Nf4
20. Kb1 Nxd3 21. cxd3 Nb4 22. Qc3 Rac8 23. Qxe5 Nxd3 24. Qe2 Qg6 25. Ka1
Kh7 26. h4 h5 27. gxh5 Qf5 28. Rhg1 Nf4 29. Qe3 Rxd1+ 30. Rxd1 Nxh5 31. a3
b6 32. Rg1 Qf4 33. Qd3+ g6 34. Rg4 Qf6 35. Rd4 Nf4 36. Qe4 Ne6 37. Rd7 Rc7
38. Rxc7 Nxc7 39. h5 Ne6 40. hxg6+ Qxg6 41. Qd5 Kg7 42. Ka2 Qf6 43. Nd2 Qd4
44. Qxd4+ Nxd4 45. b4 Kf6 46. Kb2 Ke5 47. a4 Kf4 48. Kc3 Nxf3 49. Nc4 Ng5
50. b5 f5 51. a5 bxa5 52. Nxa5 Ke5 53. Nc6+ Kd6 54. Nxa7 Kc5 55. Nc6 Ne6
56. Kd3 Kxb5 57. Nd4+ 1/2-1/2

[Event "36th Olympiad w"]
[Site "Calvia ESP"]
[Date "2004.10.22"]
[Round "7"]
[White "Zhukova,N"]
[Black "Danielian,E"]
[Result "1/2-1/2"]
[WhiteElo "2481"]
[BlackElo "2437"]
[EventDate "2004.10.15"]

1. d4 d5 2. c4 dxc4 3. e3 Nf6 4. Bxc4 e6 5. Nf3 a6 6. O-O c5 7. dxc5 Qxd1
8. Rxd1 Bxc5 9. Be2 b6 10. Nbd2 Bb7 11. Nb3 Be7 12. Nfd4 Nbd7 13. f3 Rc8
14. e4 g6 15. Bf1 O-O 16. Be3 Rfd8 17. Rac1 Nc5 18. Nd2 b5 19. N2b3 Nxb3
20. Nxb3 Rxd1 21. Rxd1 e5 22. a4 bxa4 23. Na5 Ba8 24. Bxa6 Rc2 25. Nc4 Bb7
26. Bb5 Bc6 27. Bxc6 Rxc4 28. Rc1 Rb4 29. Rc2 Rb3 30. Bh6 a3 31. bxa3 Bxa3
32. Bb5 Rb1+ 33. Bf1 Rb8 34. Rc6 Ne8 35. Bc4 Bf8 36. Be3 Kg7 37. h4 h5 38.
Bg5 Rb7 39. Bd5 Rd7 40. Kh2 Be7 41. Rc8 Nd6 42. Rb8 Bxg5 43. hxg5 Re7 44.
Rb6 Ne8 45. Kh3 Nc7 46. Bc4 Na8 47. Rb8 Nc7 48. Rb7 Kf8 49. Rb6 Ne6 50.
Bxe6 Rxe6 51. Rb5 1/2-1/2